La responsabilidad contable en el gobierno corporativo de las sociedades de capital

Bibliographic Details
Main Author: Olmedo Peralta, Eugenio
Format: eBook
Language:Spanish
Published: Madrid: Marcial Pons, 2014
Subjects:
Online Access:Acceso restringido

MARC

LEADER 00000nam a22000007a 4500
005 20180227211655.0
007 cr|||| ||||
008 180227s2014 es |||||s|||| 00||0 spa d
020 |a 978-84-91233-13-8 
035 |a 20983 
040 |a vLex 
090 |c 7421  |d 7421 
100 1 |a Olmedo Peralta, Eugenio 
245 1 2 |a La responsabilidad contable en el gobierno corporativo de las sociedades de capital  |h [Recurso electrn̤ico] /  |c Eugenio Olmedo Peralta 
256 |a Servicio en ln̕ea 
260 |a Madrid:  |b Marcial Pons,  |c 2014 
300 |a 1 recurso electrn̤ico 
500 |a La construccin̤ de un modelo eficiente de gobierno corporativo ha de ofrecer un tratamiento adecuado al cumplimiento de los deberes contables. Pese a ello, el tratamiento que los ordenamientos jurd̕icos ofrecen a la elaboracin̤ de la informacin̤ contable resulta incompleto, entre otros motivos porque el incumplimiento de los deberes contables no lleva normalmente aparejada una sancin̤ directa para el sujeto que los incumple. Como informacin̤ sobre la situacin̤ econm̤ica y financiera de la sociedad, existe un interš pb︢lico en la contabilidad, y šta puede servir como base de juicio que empleen sujetos internos y externos a la empresa, para la adopcin̤ de sus decisiones. De la disposicin̤ de una informacin̤ falsa o inexacta al respecto, se puede derivar un daǫ injustificado a la propia sociedad, a los socios o a terceros, que podrǹ ejercitar las acciones precisas para el resarcimiento del daǫ producido. Desde una perspectiva preventiva, para evitar la produccin̤ de tales daǫs se pueden prever –a travš de la corporate governance– mecanismos de control que reduzcan el riesgo de ofrecer una informacin̤ errn̤ea. Estos controles se podrǹ ejercitar por parte de sujetos internos o externos (auditores) a la estructura de la sociedad, y tendrǹ una configuracin̤ distinta en funcin̤ de que la sociedad adopte una estructura monista o dualista de gobierno. Ello nos sita︢ de frente a una eventual situacin̤ de concurrencia de culpas, puesto que los distintos sujetos que intervienen en el proceso de elaboracin̤ de la informacin̤ contable vuelcan su actuacin̤ sobre el mismo documento: las cuentas anuales. Resulta por tanto crucial determinar la contribucin̤ efectiva de cada uno para analizar su grado de responsabilidad en la produccin̤ del daǫ. 
506 1 |a Disponible solo en los productos indicados  |d vLex Global  |d vLex Global (Academic Edition, excluding Law Schools)  |d vLex Global (U.S. Academic Edition, Law Schools)  |d vLex Global (U.S. Academic Edition, excluding Law Schools)  |d vLex Global (Academic Edition, Law Schools) 
650 0 4 |a Derecho Mercantil y de la Empresa  |z Espaą 
740 0 |a vLex Libros (Servicio en ln̕ea) 
856 4 0 |u http://vlex.com/source/responsabilidad-contable-en-el-gobierno-corporativo-de-las-sociedades-de-capital-20983  |z Acceso restringido 
942 |c BOOK 
999 0 |a Commercial and Company Law